Statistics for Clemson Football Opponents Since 2000

Click here to take the quiz!

General Stats

  • This quiz has been taken 84 times
    (59 since last reset)
  • The average score is 36 of 57

Answer Stats

Times PlayedAnswer% Correct
5Alabama
100%
5Georgia
100%
23Florida St
98%
23South Carolina
98%
12North Carolina
96%
23North Carolina St
96%
24Georgia Tech
94%
24Wake Forest
94%
18Boston College
92%
11Syracuse
92%
2LSU
88%
9Miami (FL)
88%
11Duke
86%
4
Ohio St
84%
10Virginia
84%
9Virginia Tech
84%
14Maryland
82%
4Pittsburgh
82%
8Louisville
80%
6Notre Dame
80%
2Tennessee
80%
6Auburn
76%
3Kentucky
76%
2Oklahoma
76%
4Texas AM
69%
1Iowa St
65%
1West Virginia
65%
1Coastal Carolina
63%
5Furman
63%
1Charleston Southern
61%
5Citadel
61%
2Florida Atlantic
61%
4Wofford
57%
1Missouri
55%
2Troy
55%
1Georgia St
53%
1Central Florida
51%
1South Florida
51%
1Charlotte
49%
1Georgia Southern
49%
5South Carolina St
47%
1Texas Tech
47%
1Texas Christian
45%
1Appalachian St
41%
1Nebraska
41%
1Connecticut
37%
4Louisiana Tech
35%
2Middle Tennessee St
35%
1North Texas
31%
1Kent St
29%
2Ball St
27%
1Colorado
27%
1Presbyterian
27%
2Temple
27%
1Louisiana Monroe
25%
1Central Michigan
22%
1Utah St
20%

Score Distribution

Percentile by Number Answered

Percent of People with Each Score

Your Score History

You have not taken this quiz since the last reset